[Event "Women's Speed Chess Q8"]
[Site "chess.com INT"]
[Date "2021.06.06"]
[Round "2"]
[White "Tarasova, Viktoriya"]
[Black "Morris-Suzuki, Sophie"]
[Result "0-1"]
[WhiteTitle "WIM"]
[BlackTitle "WFM"]
[WhiteElo "2226"]
[BlackElo "2043"]
[WhiteFideId "4175840"]
[BlackFideId "30922615"]
[EventDate "2021.06.06"]

1. d4 Nf6 2. c4 e6 3. Nc3 Bb4 4. Nf3 O-O 5. Bg5 h6 6. Bh4 d6 7. e3 Nc6 8. Bd3 e5
9. d5 Nb8 10. O-O Bxc3 11. bxc3 g5 12. Nxg5 hxg5 13. Bxg5 Nbd7 14. f4 e4 15.
Bxe4 Qe8 16. Bc2 Qxe3+ 17. Kh1 Ne4 18. Bh6 Ndf6 19. Rf3 Nf2+ 20. Rxf2 Qxf2 21.
Qd3 Re8 22. Rf1 Re1 23. Rxe1 Qxe1+ 24. Qf1 Qxf1# 0-1

[Event "Women's Speed Chess Q8"]
[Site "chess.com INT"]
[Date "2021.06.06"]
[Round "2"]
[White "Szente Varga, Fruzsina"]
[Black "Socko, Monika"]
[Result "1-0"]
[WhiteTitle "WFM"]
[BlackTitle "GM"]
[WhiteElo "2100"]
[BlackElo "2393"]
[WhiteFideId "712264"]
[BlackFideId "1106619"]
[EventDate "2021.06.06"]

1. e4 c5 2. Nf3 Nc6 3. Bb5 g6 4. Nc3 Bg7 5. O-O e6 6. Bxc6 bxc6 7. e5 Ne7 8. Ne4
O-O 9. Nxc5 d6 10. exd6 Qxd6 11. Ne4 Qd5 12. d3 Qh5 13. Nfg5 Qxd1 14. Rxd1 e5
15. Be3 Nd5 16. Bc5 Rd8 17. Nd6 Bg4 18. f3 Be6 19. Nxe6 fxe6 20. Ne4 a6 21. b3
Bh6 22. Re1 Rab8 23. Bd6 Rb5 24. c4 Rb7 25. cxd5 cxd5 26. Nf6+ Kf7 27. Bxe5 Bf8
28. Nxh7 Be7 29. f4 Rb4 30. d4 a5 31. Ng5+ Bxg5 32. fxg5 Rc8 33. Rac1 Rxc1 34.
Rxc1 a4 35. Rc7+ Ke8 36. bxa4 Rxa4 37. Rg7 Rxa2 38. Rxg6 Kf7 39. Rg7+ Kf8 40.
Rb7 Ra1+ 41. Kf2 Ra2+ 42. Kg3 Ra3+ 43. Kh4 Ra2 44. g4 Rc2 45. g6 Rc8 46. Rb8
Rxb8 47. Bxb8 Kg7 48. Kg5 1-0

[Event "Women's Speed Chess Q8"]
[Site "chess.com INT"]
[Date "2021.06.06"]
[Round "2"]
[White "Bulmaga, Irina"]
[Black "Nguyen, Hong Ngoc"]
[Result "1-0"]
[WhiteTitle "IM"]
[BlackTitle "WCM"]
[WhiteElo "2440"]
[BlackElo "1957"]
[WhiteFideId "13903063"]
[BlackFideId "12403083"]
[EventDate "2021.06.06"]

1. e4 c5 2. Be2 e6 3. f4 d5 4. e5 Nc6 5. Nf3 a6 6. c3 b5 7. d4 Bb7 8. O-O Be7 9.
Be3 cxd4 10. cxd4 Qd7 11. Nbd2 Nh6 12. Bf2 f6 13. Nb3 Nf7 14. Rc1 Rc8 15. Nc5
Bxc5 16. Rxc5 O-O 17. Bd3 fxe5 18. fxe5 Nh6 19. h3 Nf5 20. g4 Nfe7 21. Be3 h6
22. Bb1 Na5 23. Rxc8 Rxc8 24. Qd3 g6 25. Bxh6 Nc4 26. Bc1 Kg7 27. Nh4 Qe8 28.
Bg5 Nxb2 29. Bf6+ Kh7 30. Qd2 Nc4 31. Qg5 Rc7 32. Nxg6 Nxg6 33. Qh5+ Kg8 34.
Bxg6 1-0

[Event "Women's Speed Chess Q8"]
[Site "chess.com INT"]
[Date "2021.06.06"]
[Round "2"]
[White "Hng, Mei-En Emmanuelle"]
[Black "Pandey, Srishti"]
[Result "1-0"]
[WhiteTitle "WFM"]
[BlackTitle "WFM"]
[WhiteElo "2013"]
[BlackElo "2026"]
[WhiteFideId "5804566"]
[BlackFideId "35093290"]
[EventDate "2021.06.06"]

1. e4 e6 2. d4 d5 3. Nc3 Bb4 4. e5 c5 5. Bd2 cxd4 6. Nb5 Bc5 7. b4 Bf8 8. f4 Nc6
9. Nf3 a6 10. Nbxd4 Bxb4 11. Nxc6 Bxd2+ 12. Qxd2 bxc6 13. Bd3 Ne7 14. O-O c5 15.
Rfd1 O-O 16. Qf2 Qc7 17. c4 d4 18. Ng5 Nf5 19. g4 f6 20. Nxh7 Kxh7 21. Qh4+ Kg8
22. gxf5 exf5 23. Re1 Rb8 24. e6 g6 25. e7 Re8 26. Qxf6 Rb6 27. Qg5 Re6 28. Rxe6
Bxe6 29. Qxg6+ Kh8 30. Qh6+ Kg8 31. Qxe6+ 1-0

[Event "Women's Speed Chess Q8"]
[Site "chess.com INT"]
[Date "2021.06.06"]
[Round "2"]
[White "Maltsevskaya, Aleksandra"]
[Black "Zhuravleva, Olga"]
[Result "1-0"]
[WhiteTitle "WGM"]
[BlackTitle "WIM"]
[WhiteElo "2390"]
[BlackElo "2278"]
[WhiteFideId "24174041"]
[BlackFideId "4145933"]
[EventDate "2021.06.06"]

1. e4 e5 2. Nf3 Nc6 3. Bb5 f5 4. Nc3 Nf6 5. d3 Bc5 6. O-O O-O 7. exf5 d6 8. Bxc6
bxc6 9. d4 exd4 10. Nxd4 Bxd4 11. Qxd4 Bxf5 12. Qc4+ Kh8 13. Qxc6 Bxc2 14. Bg5
Qd7 15. Qxd7 Nxd7 16. Rfc1 Bd3 17. Nd5 c5 18. Be7 Rf5 19. Ne3 Rf7 20. Bxd6 Rc8
21. Rc3 Bb5 22. Rac1 c4 23. b3 h6 24. bxc4 Bc6 25. c5 Nf6 26. f3 Re8 27. Rb3 Nd7
28. h3 Kh7 29. Kf2 Re4 30. Ra3 Rd4 31. Rc2 Nf6 32. Be5 Ne4+ 33. Kg1 Nd2 34. Bxd4 1-0

[Event "Women's Speed Chess Q8"]
[Site "chess.com INT"]
[Date "2021.06.06"]
[Round "2"]
[White "Sviridova, Vlada"]
[Black "Von Herman, Brigitte"]
[Result "1-0"]
[WhiteTitle "WFM"]
[BlackTitle "WFM"]
[WhiteElo "2144"]
[BlackElo "1991"]
[WhiteFideId "24109606"]
[BlackFideId "4628730"]
[EventDate "2021.06.06"]

1. d4 d5 2. c4 Nc6 3. Nf3 Bg4 4. e3 e5 5. Qb3 Bb4+ 6. Bd2 Bxd2+ 7. Nbxd2 dxc4 8.
Bxc4 Qd7 9. Nxe5 Nxe5 10. dxe5 c6 11. f3 Be6 12. Bxe6 fxe6 13. Ne4 O-O-O 14.
Nd6+ Kb8 15. O-O Nh6 16. Rfd1 Qc7 17. Rac1 Nf7 18. Qxe6 Nxd6 19. exd6 Qd7 20.
Qxd7 Rxd7 21. e4 Re8 22. Rd4 Re6 23. Rcd1 g5 24. b4 b6 25. a4 Kb7 26. b5 cxb5
27. axb5 a6 28. bxa6+ Kxa6 29. Rd5 h6 30. e5 Kb7 31. Rc1 Re8 32. Kf2 Ra8 33. Rc2
Ra5 34. Rxa5 bxa5 35. Ke3 a4 36. Ra2 Kc6 37. Rxa4 Kd5 38. Ra5+ Ke6 39. Kd4 Rb7
40. Ra8 Rb4+ 41. Kc5 Rb2 42. Re8+ Kf7 43. d7 Rc2+ 44. Kb5 Rb2+ 45. Kc4 Rc2+ 46.
Kd3 Rxg2 47. d8=Q 1-0

[Event "Women's Speed Chess Q8"]
[Site "chess.com INT"]
[Date "2021.06.06"]
[Round "2"]
[White "Dong, Khanh Linh"]
[Black "Nanditha, V"]
[Result "1-0"]
[WhiteTitle "WCM"]
[BlackTitle "WCM"]
[WhiteElo "1970"]
[BlackElo "1666"]
[WhiteFideId "12403040"]
[BlackFideId "46626697"]
[EventDate "2021.06.06"]

1. e4 c6 2. Nf3 d5 3. Nc3 dxe4 4. Nxe4 Nf6 5. Nxf6+ exf6 6. d4 Bd6 7. Be2 O-O 8.
O-O Bg4 9. h3 Bh5 10. Be3 f5 11. Ne5 Bxe2 12. Qxe2 Nd7 13. Nc4 Bc7 14. Qf3 Qf6
15. Bf4 Qxd4 16. Bxc7 Qxc4 17. Qxf5 Nc5 18. Bd6 Ne6 19. Bxf8 Kxf8 20. Qxh7 Re8
21. b3 Qc3 22. Rad1 Ke7 23. Rfe1 g6 24. Qh4+ Kf8 25. Qh6+ Kg8 26. Re3 Qxc2 27.
Rd7 Qxa2 28. Rxe6 Qa1+ 29. Kh2 Rc8 30. Rxg6+ fxg6 31. Qxg6+ Kf8 32. Qf7# 1-0

[Event "Women's Speed Chess Q8"]
[Site "chess.com INT"]
[Date "2021.06.06"]
[Round "2"]
[White "Linares Napoles, Oleiny"]
[Black "Zaksaite, Salomeja"]
[Result "1/2-1/2"]
[WhiteTitle "WGM"]
[BlackTitle "WIM"]
[WhiteElo "2255"]
[BlackElo "2202"]
[WhiteFideId "3504794"]
[BlackFideId "12801496"]
[EventDate "2021.06.06"]

1. d4 Nf6 2. Bf4 d5 3. e3 c6 4. Bd3 Qb6 5. Qc1 g6 6. h3 Bf5 7. Nf3 Nbd7 8. O-O
Ne4 9. c3 Bg7 10. Qc2 Nd6 11. Bxf5 Nxf5 12. Nbd2 O-O 13. e4 dxe4 14. Nxe4 Nf6
15. Nxf6+ Bxf6 16. Be5 c5 17. dxc5 Qxc5 18. Rfe1 Bxe5 19. Rxe5 Qc6 20. Rae1 e6
21. Qe2 Rfd8 22. Re4 Rd6 23. Ne5 Qc7 24. Rc4 Qa5 25. a3 Rad8 26. Qf3 b6 27. Nc6
Qb5 28. Qe4 Rc8 29. a4 Qd5 30. Qxd5 exd5 31. Ne7+ Nxe7 32. Rxc8+ Nxc8 33. Re8+
Kg7 34. Rxc8 d4 35. cxd4 Rxd4 36. b3 Rb4 37. Rc3 a5 38. Kf1 b5 39. axb5 Rxb5 40.
Ke2 Rb4 41. Ke3 a4 42. bxa4 Rxa4 43. Rb3 1/2-1/2

[Event "Women's Speed Chess Q8"]
[Site "chess.com INT"]
[Date "2021.06.06"]
[Round "2"]
[White "Varshini, V"]
[Black "Babiy, Olga"]
[Result "0-1"]
[WhiteTitle "WGM"]
[BlackTitle "WGM"]
[WhiteElo "2226"]
[BlackElo "2280"]
[WhiteFideId "5091241"]
[BlackFideId "14117258"]
[EventDate "2021.06.06"]

1. e4 c6 2. d4 d5 3. e5 Bf5 4. c3 e6 5. Bd3 Bxd3 6. Qxd3 c5 7. Ne2 Nc6 8. a3
Nge7 9. O-O Nf5 10. b4 cxd4 11. cxd4 Qb6 12. Bb2 Be7 13. Nd2 O-O 14. Rac1 Rfc8
15. Nb3 a5 16. b5 Na7 17. a4 Bb4 18. Bc3 Rc4 19. Bxb4 Rxb4 20. Nc5 Rd8 21. Qd1
Rc4 22. g4 Nxd4 23. Rxc4 Nf3+ 24. Kg2 dxc4 25. Nd7 Qc7 26. b6 Qc6 27. bxa7 Nxe5+
28. f3 Nxd7 29. Nd4 Qb6 30. Nb5 Nf6 31. Qxd8+ Qxd8 32. Nc7 Nd7 33. a8=Q Nb8 34.
Nb5 h5 35. h3 h4 36. Qxb7 Qd2+ 0-1

[Event "Women's Speed Chess Q8"]
[Site "chess.com INT"]
[Date "2021.06.06"]
[Round "2"]
[White "February, Jesse Nikki"]
[Black "Batsiashvili, Nino"]
[Result "0-1"]
[WhiteTitle "WIM"]
[BlackTitle "GM"]
[WhiteElo "1863"]
[BlackElo "2491"]
[WhiteFideId "14312336"]
[BlackFideId "13602993"]
[EventDate "2021.06.06"]

1. e4 c6 2. d4 d5 3. Nc3 dxe4 4. Nxe4 Nf6 5. Nxf6+ exf6 6. Nf3 Bd6 7. c3 O-O 8.
Bd3 Re8+ 9. Be3 Nd7 10. O-O Nf8 11. Qc2 Bc7 12. Rfe1 Bg4 13. Be2 Qd6 14. g3 Ng6
15. Nd2 h5 16. Bxg4 hxg4 17. Re2 Re7 18. Rae1 Rae8 19. Nc4 Qd5 20. b3 f5 21. Bg5
f6 22. Rxe7 Rxe7 23. Rxe7 Nxe7 24. Be3 f4 25. Bxf4 Bxf4 26. gxf4 Qf3 27. Nd2
Qxf4 28. Nf1 Nf5 29. Qe2 Kf7 30. Qc4+ Kg6 31. Qd3 Kg5 32. Qd2 Nh4 33. Qxf4+ Kxf4
34. Nd2 Nf3+ 35. Nxf3 gxf3 36. h3 Ke4 37. Kh2 Kd3 38. Kg3 Kxc3 39. Kxf3 Kxd4 40.
Kf4 c5 41. Kf5 b5 42. Kg6 c4 43. bxc4 bxc4 44. Kxg7 c3 45. h4 c2 46. h5 c1=Q 47.
h6 Qg5+ 48. Kh7 Ke5 49. f4+ Kxf4 50. a4 Kf5 51. a5 Ke6 52. Kh8 Qxh6+ 0-1

[Event "Women's Speed Chess Q8"]
[Site "chess.com INT"]
[Date "2021.06.06"]
[Round "2"]
[White "Komiagina, Maria"]
[Black "Gevorgyan, Maria"]
[Result "0-1"]
[WhiteTitle "WIM"]
[BlackTitle "WGM"]
[WhiteElo "2241"]
[BlackElo "2219"]
[WhiteFideId "4153987"]
[BlackFideId "13300270"]
[EventDate "2021.06.06"]

1. e4 c5 2. Nf3 Nc6 3. Bb5 g6 4. Bxc6 dxc6 5. d3 Bg7 6. h3 Nf6 7. Nc3 Nd7 8. Be3
e5 9. Qd2 h6 10. O-O-O b6 11. Nh2 b5 12. f4 b4 13. Ne2 Qa5 14. Kb1 Nb6 15. Nf3
Be6 16. b3 exf4 17. Bxf4 Rd8 18. Be5 O-O 19. Bxg7 Kxg7 20. Qf4 f6 21. g4 Qb5 22.
h4 a5 23. g5 h5 24. gxf6+ Rxf6 25. Qe5 a4 26. Nf4 Bf7 27. Rhg1 Rh8 28. Nxg6 Rh6
29. Ne7+ Kf8 30. Qb8+ Kxe7 31. Ng5 Nd7 32. Qc7 axb3 33. cxb3 Qb8 34. Qa5 Qb6 35.
Qa8 c4 36. dxc4 Rd6 37. Rxd6 Qxg1+ 38. Kb2 Rxd6 39. Nxf7 Rd2# 0-1

[Event "Women's Speed Chess Q8"]
[Site "chess.com INT"]
[Date "2021.06.06"]
[Round "2"]
[White "Priyanka, K"]
[Black "Agrest, Inna"]
[Result "0-1"]
[WhiteTitle "WIM"]
[BlackTitle "WIM"]
[WhiteElo "2218"]
[BlackElo "2285"]
[WhiteFideId "5082986"]
[BlackFideId "1708830"]
[EventDate "2021.06.06"]

1. e4 e5 2. Nf3 Nc6 3. Bb5 a6 4. Ba4 Nf6 5. d3 b5 6. Bb3 Bc5 7. Nc3 d6 8. Nd5 h6
9. c3 Rb8 10. Be3 O-O 11. Nxf6+ Qxf6 12. h3 Ne7 13. g4 Bxe3 14. fxe3 Be6 15. Rf1
Qg6 16. Qe2 c5 17. Nh4 Qh7 18. Nf5 Nxf5 19. gxf5 Bxb3 20. axb3 Rb6 21. f6 Kh8
22. fxg7+ Qxg7 23. O-O-O f6 24. Rg1 Qf7 25. Qg4 Rbb8 26. Qh4 Kh7 27. Rdf1 Rb7
28. Rf5 Rg8 29. Rgf1 Rg6 30. Rxf6 Rxf6 31. Rxf6 Qg7 32. Rf1 c4 33. bxc4 bxc4 34.
dxc4 Qg2 35. Qf6 Qxb2+ 36. Kd1 Qb1+ 37. Ke2 Rb2+ 38. Kf3 Qxf1+ 39. Kg4 Qxf6 0-1

[Event "Women's Speed Chess Q8"]
[Site "chess.com INT"]
[Date "2021.06.06"]
[Round "2"]
[White "Ouellet, Maili-Jade"]
[Black "Buksa, Nataliya"]
[Result "1/2-1/2"]
[WhiteTitle "WGM"]
[BlackTitle "IM"]
[WhiteElo "2257"]
[BlackElo "2413"]
[WhiteFideId "2620472"]
[BlackFideId "14123622"]
[EventDate "2021.06.06"]

1. d4 d5 2. c4 e6 3. Nc3 Be7 4. Nf3 Nf6 5. cxd5 exd5 6. Bg5 c6 7. e3 Nbd7 8. Bd3
Nf8 9. h3 Ne6 10. Bh4 O-O 11. Qc2 g6 12. Ne5 Nd7 13. Bxe7 Qxe7 14. O-O Nxe5 15.
dxe5 Nc5 16. f4 Nxd3 17. Qxd3 f6 18. exf6 Qxf6 19. Rad1 Bf5 20. Qd2 Rae8 21. Ne2
Qe7 22. Rf3 Be4 23. Rg3 Qc5 24. Nd4 Kh8 25. Rc1 Qe7 26. Qc3 Qf6 27. b4 a6 28. a4
Kg8 29. Kh2 Bf5 30. b5 axb5 31. axb5 Bd7 32. bxc6 bxc6 33. Rb1 Rc8 34. Rb7 c5
35. Rxd7 cxd4 36. Qxd4 Qxd4 37. exd4 Rxf4 38. Rxd5 Kg7 39. Re3 Rc2 40. Rd7+ Kh6
41. Ree7 Rff2 42. Rxh7+ Kg5 43. Rd5+ Kf6 44. Kg3 Rxg2+ 45. Kf3 Rce2 46. Rd6+ Kf5
47. Rd5+ Kf6 48. Rd6+ Kf5 49. Rf7+ Kg5 50. Rd5+ Kh6 51. Rdd7 Rgf2+ 52. Kg3 Rg2+
53. Kf3 Rgf2+ 54. Kg3 Rg2+ 55. Kf3 1/2-1/2

[Event "Women's Speed Chess Q8"]
[Site "chess.com INT"]
[Date "2021.06.06"]
[Round "2"]
[White "Nemcova, Katerina"]
[Black "Perez Rodriguez, Jennifer"]
[Result "1-0"]
[WhiteTitle "WGM"]
[BlackTitle "WIM"]
[WhiteElo "2331"]
[BlackElo "2251"]
[WhiteFideId "322750"]
[BlackFideId "3507831"]
[EventDate "2021.06.06"]

1. e4 e5 2. Nf3 Nc6 3. Bc4 Nf6 4. d3 Bc5 5. O-O d6 6. c3 a6 7. a4 Ba7 8. h3 O-O
9. Nbd2 Ne7 10. Re1 Ng6 11. Nf1 Re8 12. Bg5 h6 13. Be3 d5 14. exd5 Nxd5 15. Bxa7
Rxa7 16. Qb3 c6 17. Ng3 Ra8 18. d4 exd4 19. Rxe8+ Qxe8 20. Re1 Qf8 21. Nxd4 Nge7
22. Ne4 b5 23. Bf1 Bd7 24. Nc5 Qd8 25. c4 bxc4 26. Bxc4 Rb8 27. Qc2 Be8 28. b3
a5 29. Qd2 Qd6 30. Ne4 Qg6 31. Kh1 Nb4 32. Qf4 Rd8 33. Qc7 Rd7 34. Qe5 Nbd5 35.
Ng3 Qd6 36. Qxd6 Rxd6 37. Ndf5 Kf8 38. Bxd5 Rxd5 39. Nxe7 Rd3 40. Nef5 Rxb3 41.
Rd1 c5 42. Ne4 c4 43. Rd8 c3 44. Ned6 Rb1+ 45. Kh2 Re1 46. Ne3 1-0

[Event "Women's Speed Chess Q8"]
[Site "chess.com INT"]
[Date "2021.06.06"]
[Round "2"]
[White "Dordzhieva, Dinara"]
[Black "Dauletova, Gulmira"]
[Result "0-1"]
[WhiteTitle "WGM"]
[BlackTitle "WGM"]
[WhiteElo "2311"]
[BlackElo "2257"]
[WhiteFideId "24157570"]
[BlackFideId "13702971"]
[EventDate "2021.06.06"]

1. Nf3 d5 2. d4 Nf6 3. c4 e6 4. g3 dxc4 5. Bg2 a6 6. Ne5 Bb4+ 7. Nc3 Nd5 8. Bd2
Nb6 9. e3 N8d7 10. Nf3 O-O 11. O-O c5 12. e4 cxd4 13. Nxd4 Ne5 14. Be3 Bd7 15.
Qe2 Bxc3 16. bxc3 Na4 17. Qc2 Qa5 18. Bd2 Nd3 19. f4 e5 20. Nf5 Rfe8 21. Nd6
Qc5+ 22. Kh1 Qxd6 23. f5 f6 24. Be3 Nac5 25. g4 Ba4 26. Qe2 Bc6 27. Bd2 Rad8 28.
g5 b5 29. gxf6 Qxf6 30. Rg1 Kh8 31. Bf3 Nf4 32. Bxf4 exf4 33. Rae1 Rd3 34. e5
Rxf3 35. Qg2 Rxe5 36. Rd1 Re8 37. Rd6 Rg3 38. Qxc6 Rxg1+ 39. Kxg1 Qg5+ 40. Kf1
Rf8 41. f6 f3 42. fxg7+ Kxg7 43. Qc7+ Rf7 0-1

[Event "Women's Speed Chess Q8"]
[Site "chess.com INT"]
[Date "2021.06.06"]
[Round "2"]
[White "Kubicka, Anna"]
[Black "Jakubowska, Anna"]
[Result "1-0"]
[WhiteTitle "WIM"]
[BlackTitle "WIM"]
[WhiteElo "2210"]
[BlackElo "2073"]
[WhiteFideId "1152254"]
[BlackFideId "1121952"]
[EventDate "2021.06.06"]

1. e4 c6 2. d4 d5 3. exd5 cxd5 4. Bd3 Nc6 5. c3 Nf6 6. h3 g6 7. Ne2 Bg7 8. Nd2
O-O 9. Nf3 a6 10. Be3 b5 11. Qd2 Ne4 12. Bxe4 dxe4 13. Ng5 f5 14. h4 e5 15. dxe5
Nxe5 16. Qxd8 Rxd8 17. Nf4 Nd3+ 18. Nxd3 Rxd3 19. Rd1 Rxd1+ 20. Kxd1 h6 21. Nh3
Be6 22. Kc2 b4 23. Nf4 Bf7 24. Rd1 bxc3 25. bxc3 g5 26. hxg5 hxg5 27. Nd5 f4 28.
Bc5 Kh7 29. Ne7 Bf6 30. Nf5 Bxa2 31. Rd6 Be5 32. Rh6+ Kg8 33. Ne7+ Kf7 34. Nc6
Bg7 35. Rd6 Rc8 36. Bb4 Bf8 37. Ne5+ Kg8 38. Rg6+ Kh7 39. Bxf8 Rxf8 40. Rxa6 Re8
41. Ng4 Bc4 42. Rc6 Bd3+ 43. Kd2 Rb8 44. c4 Rb3 45. c5 Rb2+ 46. Kc3 Rc2+ 47. Kd4
Rc4+ 48. Ke5 Rc2 49. Kf6 Bb5 50. Rc7+ Kg8 51. Kg6 Kf8 52. Ne5 Ke8 53. Kf6 Rxf2
54. Rc8# 1-0

[Event "Women's Speed Chess Q8"]
[Site "chess.com INT"]
[Date "2021.06.06"]
[Round "2"]
[White "Kashlinskaya, Alina"]
[Black "Papp, Petra"]
[Result "0-1"]
[WhiteTitle "IM"]
[BlackTitle "WGM"]
[WhiteElo "2494"]
[BlackElo "2336"]
[WhiteFideId "4198026"]
[BlackFideId "739049"]
[EventDate "2021.06.06"]

1. d4 Nf6 2. Bg5 g6 3. Bxf6 exf6 4. c4 d5 5. e3 c6 6. Nc3 dxc4 7. Bxc4 Bd6 8.
Nf3 Nd7 9. h4 h5 10. Qc2 Qe7 11. Bb3 Nb6 12. O-O-O Bg4 13. Kb1 a5 14. e4 Bb4 15.
Na4 Nxa4 16. Bxa4 O-O 17. a3 Bd6 18. Bb3 Kg7 19. Ka1 a4 20. Ba2 b5 21. Rhe1 b4
22. axb4 Bxb4 23. Re3 a3 24. b3 Rfd8 25. e5 Bxf3 26. gxf3 fxe5 27. Rxe5 Qf6 28.
Qe4 c5 29. Kb1 cxd4 30. Rb5 d3 31. Qe5 Qxe5 32. Rxe5 Rac8 33. Re3 d2 34. Re4 Bc3
35. b4 Bb2 36. Bb3 Rc3 37. Ka2 Rxf3 38. Re7 Rdd3 39. Bc4 Rd4 40. Bb3 Rxf2 41. b5
Rb4 42. Rb7 Bc1 43. b6 Rf3 44. Bd5 Rf5 45. Bc6 Rc5 46. Bf3 Rc2+ 47. Ka1 Bb2+ 48.
Kb1 Rc1+ 49. Ka2 Bc3 50. Kxa3 Rb5 51. Ka4 Rb4+ 52. Ka3 Rc2 53. Be4 Rcb2 0-1

[Event "Women's Speed Chess Q8"]
[Site "chess.com INT"]
[Date "2021.06.06"]
[Round "2"]
[White "Mkrtchian, Lilit"]
[Black "Obregon Garcia, Roxangel"]
[Result "0-1"]
[WhiteTitle "IM"]
[BlackTitle "WIM"]
[WhiteElo "2388"]
[BlackElo "2167"]
[WhiteFideId "13300601"]
[BlackFideId "3520420"]
[EventDate "2021.06.06"]

1. e4 c5 2. Nc3 Nc6 3. Nge2 d6 4. d4 cxd4 5. Nxd4 Nf6 6. Bg5 e6 7. Qd3 Be7 8.
O-O-O a6 9. f4 h6 10. Bxf6 gxf6 11. f5 e5 12. Nde2 b5 13. Nd5 Bf8 14. Kb1 h5 15.
Nec3 Rb8 16. Be2 b4 17. Na4 a5 18. Qb3 Bd7 19. Bc4 Rh7 20. Qd3 Nd4 21. b3 Bh6
22. Qg3 Kf8 23. h4 Bg7 24. Rxd4 Bxa4 25. Rdd1 Bb5 26. Bxb5 Rxb5 27. Rd3 a4 28.
Rhd1 axb3 29. cxb3 Ke8 30. Qf2 Bf8 31. Qa7 Rc5 32. Nxb4 Qa5 33. Qb8+ Qd8 34. Qb7
Qc7 35. Qa8+ Qd8 36. Qa4+ Qd7 37. Qa6 Be7 38. Nd5 Bd8 39. Qa8 Qc6 40. Nxf6+ Ke7
41. Nxh7 Qxa8 42. f6+ Ke8 43. Rxd6 Bc7 44. Rd7 Qxe4+ 45. Kb2 Rc2+ 46. Ka1 Qb4
47. Re7+ Qxe7 48. fxe7 Kxe7 49. Ng5 Rxg2 50. Rc1 f5 51. Rxc7+ Kd6 52. Rf7 e4 0-1

[Event "Women's Speed Chess Q8"]
[Site "chess.com INT"]
[Date "2021.06.06"]
[Round "2"]
[White "Cyfka, Karina"]
[Black "Arpita, Mukherjee"]
[Result "1-0"]
[WhiteTitle "IM"]
[BlackTitle "WIM"]
[WhiteElo "2417"]
[BlackElo "2206"]
[WhiteFideId "1122681"]
[BlackFideId "5056403"]
[EventDate "2021.06.06"]

1. e4 c5 2. Nf3 d6 3. d4 cxd4 4. Qxd4 Nc6 5. Bb5 Bd7 6. Bxc6 Bxc6 7. Nc3 e5 8.
Qd3 h6 9. Be3 Nf6 10. O-O-O Be7 11. h3 O-O 12. g4 Qa5 13. g5 hxg5 14. Bxg5 Rfd8
15. Bxf6 Bxf6 16. Kb1 Rac8 17. Rhg1 Qc5 18. Qe3 Qxe3 19. fxe3 g6 20. h4 Kf8 21.
Nd5 Bxd5 22. Rxd5 Ke7 23. b3 Rc3 24. Rd3 Rxd3 25. cxd3 Rh8 26. Rg4 Ke6 27. Kb2
d5 28. Kc2 Rh5 29. Kd2 Be7 30. exd5+ Kxd5 31. Kc3 Rh6 32. Ra4 a6 33. Rg4 Rh8 34.
a4 Rc8+ 35. Kd2 a5 36. e4+ Ke6 37. Ng5+ Kf6 38. Rg2 Bb4+ 39. Kd1 Ke7 40. Rc2
Rxc2 41. Kxc2 Be1 42. Nf3 Bf2 43. Kc3 Kd6 44. Kc4 f6 45. Kb5 b6 46. Kc4 Kc6 47.
d4 exd4 48. Nxd4+ Bxd4 49. Kxd4 Kd6 50. Kd3 Ke5 51. Ke3 g5 52. h5 Ke6 53. Kf3
Kf7 54. Kg4 Kg7 55. e5 fxe5 56. Kxg5 Kh7 57. Kf5 Kh6 58. Kxe5 Kxh5 59. Kd5 Kg5
60. Kc6 1-0

[Event "Women's Speed Chess Q8"]
[Site "chess.com INT"]
[Date "2021.06.06"]
[Round "2"]
[White "Antonova, Nadezhda"]
[Black "Petrova, Irina"]
[Result "1-0"]
[WhiteTitle "WFM"]
[BlackTitle "WIM"]
[WhiteElo "1877"]
[BlackElo "2110"]
[WhiteFideId "14700182"]
[BlackFideId "14124122"]
[EventDate "2021.06.06"]

1. d4 d6 2. Nf3 g6 3. e4 Nf6 4. Bd3 Bg7 5. Nbd2 O-O 6. O-O Nc6 7. Re1 Bg4 8. h3
Bxf3 9. Nxf3 Re8 10. c3 e5 11. dxe5 Nxe5 12. Nxe5 dxe5 13. Bg5 c6 14. a4 Qc7 15.
Bc4 h6 16. Bh4 g5 17. Bg3 Nd7 18. b4 Rad8 19. Qe2 Nb6 20. Bb3 a5 21. bxa5 Nd7
22. Bc4 Qxa5 23. Qf3 Rf8 24. Reb1 Nc5 25. h4 Qc7 26. hxg5 hxg5 27. Qf5 Qe7 28.
a5 Qf6 29. Qg4 Rd2 30. a6 b5 31. Bf1 Rdd8 32. a7 Ra8 33. Ra3 Qe7 34. Rba1 Rfd8
35. Qf5 Rd7 36. f3 f6 37. Bf2 Bf8 38. g3 Kg7 39. Bh3 Rdxa7 40. Rxa7 Rxa7 41.
Rxa7 Qxa7 42. Bg4 Be7 43. Bh5 Kf8 44. Qg6 Bd8 45. Qe8+ Kg7 46. Qxd8 Qa1+ 47. Kg2
Qxc3 48. Qe7+ Kh6 49. Bg4 b4 50. Qxf6+ Kh7 51. Bf5+ Kg8 52. Qxg5+ Kf8 53. Qd8+
Kf7 54. Qc7+ Kf8 55. Qd6+ Kg7 56. Qxc5 Qxc5 57. Bxc5 b3 58. Ba3 c5 59. Be6 1-0

[Event "Women's Speed Chess Q8"]
[Site "chess.com INT"]
[Date "2021.06.06"]
[Round "2"]
[White "Fominykh, Maria"]
[Black "Grigoryan, Meri"]
[Result "1-0"]
[WhiteTitle "WGM"]
[BlackTitle "WFM"]
[WhiteElo "2206"]
[BlackElo "2044"]
[WhiteFideId "4142411"]
[BlackFideId "13300571"]
[EventDate "2021.06.06"]

1. d4 d5 2. c4 e5 3. dxe5 d4 4. Nf3 Nc6 5. Nbd2 Nge7 6. Nb3 Ng6 7. a3 Ncxe5 8.
Nxe5 Nxe5 9. Qxd4 Qxd4 10. Nxd4 Nxc4 11. e4 Nd6 12. f3 g6 13. Be3 Bg7 14. O-O-O
O-O 15. h4 h5 16. Be2 Bxd4 17. Bxd4 Be6 18. Bc5 Rfd8 19. Rd2 Nc4 20. Rxd8+ Rxd8
21. Rd1 Rxd1+ 22. Bxd1 b6 23. Bf2 c5 24. Kc2 Kf8 25. Kc3 Nd6 26. Be2 Ke7 27. Bg3
Kd7 28. Be5 Kc6 29. a4 Bc8 30. Bd1 Be6 31. Be2 Bc8 32. b3 Be6 33. Bd1 Ne8 34. g4
f6 35. Bf4 Nd6 36. gxh5 gxh5 37. Be2 Nf7 38. Bg3 Ne5 39. Bb5+ Kb7 40. Be8 Nxf3
41. Bxh5 Nd4 42. Bd1 Bg8 43. h5 f5 44. exf5 Nxf5 45. Bf3+ Ka6 46. Bf4 b5 47. Be2
c4 48. axb5+ Kxb5 49. Bxc4+ Bxc4 50. bxc4+ Kc5 51. h6 Ne7 52. h7 Ng6 53. Be3+
Kd6 54. Bxa7 Ke5 55. Bd4+ Kd6 56. h8=Q Nxh8 57. Bxh8 Kc6 58. Bd4 Kd6 59. Kb4 Kc6
60. c5 Kc7 61. Kb5 Kb7 62. c6+ Kc7 63. Be5+ Kc8 64. Kb6 Kd8 65. Kb7 Ke7 66. c7
Ke6 67. c8=Q+ Kxe5 68. Qd7 Ke4 69. Qd6 1-0